000 00296nam a2200109Ia 4500
001 588874
005 20250717120839.0
008 250717s9999 xx 000 0 und d
245 0 _aV-3 AFACAN DEDEKTİFLER MİDİLLİ KULÜBÜNDE
_cSİMONE VEENSTRA
260 _bERDEM YAYINLARI
_c2017
300 _b95
999 _c588874
_d588874